000 00683 a2200193 4500
020 _a1565926994
040 _aDLC
_bDLC
082 0 0 _a005.74
100 1 _aDescartes, Alligator.
245 1 0 _aProgramming the Perl DBI
_cAlligator Descartes and Tim Bunce.
260 _aCmabridge, MA :
_bO'Reilly,
_c2000.
300 _ap. cm.
650 0 _aPerl (Computer program language)
650 0 _aDatabase management.
700 1 _aBunce, Tim.
856 4 2 _3Publisher description
_uhttp://www.loc.gov/catdir/enhancements/fy0715/00022023-d.html
856 4 2 _3Contributor biographical information
_uhttp://www.loc.gov/catdir/enhancements/fy0912/00022023-b.html
942 _cBK
_k005.74 DES
_2ddc
999 _c6604
_d6604